|
|
|
|
| LEADER |
01213nab#a2200361#ar4500 |
| 001 |
000083113 |
| 003 |
SVKKK |
| 005 |
20070314102349.0 |
| 008 |
060804c1901 xo e huno |
| FMT |
|
|
|
| 038 |
|
|
|a SVKKK
|
| 040 |
|
|
|a SVKKK
|b slo
|e AACR2
|
| 041 |
0 |
|
|a hun
|
| 044 |
|
|
|a xo
|c SK
|
| 080 |
|
|
|a 284.2
|2 1997
|
| 080 |
|
|
|a 34
|2 1997
|
| 080 |
|
|
|a 929 Puky, Ondrej
|2 1997
|
| 242 |
1 |
0 |
|a Nový cirkevný porotný sudca
|
| 245 |
0 |
0 |
|a Uj egyházmegyei tanácsbiró
|
| 500 |
|
|
|a Zd 75
|
| 520 |
2 |
|
|a Správa o valnom zhromaždení abovsko-turnianskej kalvínskej cirkvi, na ktorom n a miesto nebohého Štefana (Istvána) Csormu bol zvolený Dr. Ondrej (Endre) Puky
|
| 600 |
1 |
4 |
|a Puky, Ondrej,
|d 1871-1941,
|x právnik, župný úradník, hodnostár kalvínsky
|z Košice (Slovensko)
|x rodák, pôsobenie
|
| 610 |
2 |
4 |
|a Abovsko-turnianska kalvínska cirkev
|x sudca porotný (funkcia)
|z Košice (obvod)(Slovensko)
|x voľby
|y júl 1916
|
| 773 |
0 |
|
|t Felsőmagyarország : Kassai Napló
|g Roč. 32, č. 180 (20.07.1916), s. 3
|
| 957 |
|
|
|a Kassa p. Košice
|
| 957 |
|
|
|a Puky, Endre p. Puky, Ondrej
|
| 958 |
|
|
|a DG
|
| 958 |
|
|
|a SK
|
| 974 |
|
|
|a Ba
|
| 992 |
|
|
|a RBX
|
| 997 |
|
|
|a 802
|
| BAS |
|
|
|
| 998 |
|
|
|a RETRO
|